Modern teaching methods and techniques

Bibliographic Details
Main Author: Zikr-ur-Rahman
Format: Book
Published: New Delhi : Anmol publishing pvt. ltd. , 2004
Subjects:

MARC

LEADER 00000cam a2200000 7i4500
001 0000038434
005 20131113.0
008 131113
020 |a 8126118628 
090 0 0 |a 371.102   |b ZIK 
100 1 |a Zikr-ur-Rahman 
245 1 0 |a Modern teaching methods and techniques   |c Zikr-ur-Rahman 
260 |a New Delhi :   |b Anmol publishing pvt. ltd. ,   |c 2004 
650 0 |a Teaching   |x methods... 
999 |a 0001026260   |b Book   |c Adult Collection   |e Perbadanan Perpustakaan Awam Johor